[Event "Laval op"]
[Site "Laval CAN"]
[Date "2023.06.23"]
[Round "1.21"]
[White "Eltafi, Ali Sina"]
[Black "Wang, Derek"]
[Result "0-1"]
[WhiteElo "1510"]
[BlackElo "2109"]
[PlyCount "80"]
[EventDate "2023.06.23"]
[EventType "swiss"]
[EventRounds "5"]
[EventCountry "CAN"]

1. e4 c5 2. Nf3 e6 3. d4 cxd4 4. Nxd4 Nf6 5. Nc3 Nc6 6. Be3 Bb4 7. Bd3 d5 8.
exd5 Nxd5 9. Nxc6 bxc6 10. Bd2 O-O 11. O-O Rb8 12. Qe2 Bd6 13. Ne4 Nf4 14. Qf3
Nxd3 15. Nxd6 Qxd6 16. cxd3 Rxb2 17. Bf4 Qd5 18. Qe3 Rxa2 19. Rab1 Ba6 20. Rb4
Qxd3 21. Qxd3 Bxd3 22. Rd1 Bb5 23. h3 a5 24. Rbd4 h6 25. g4 a4 26. Bd6 Ra8 27.
Kg2 Rb2 28. Bb4 Kh7 29. Bc3 Rb3 30. Ba1 c5 31. R4d2 Bc6+ 32. Kh2 Bd5 33. f4 a3
34. f5 a2 35. h4 Raa3 36. g5 Rh3+ 37. Kg1 Rag3+ 38. Kf1 Rh1+ 39. Kf2 Rg2+ 40.
Ke3 Rh3+ 0-1

[Event "Laval op"]
[Site "Laval CAN"]
[Date "2023.06.23"]
[Round "1.22"]
[White "Mok, Yuen Tak"]
[Black "Wu, Yuchen"]
[Result "1-0"]
[WhiteElo "2071"]
[BlackElo "1402"]
[PlyCount "53"]
[EventDate "2023.06.23"]
[EventType "swiss"]
[EventRounds "5"]
[EventCountry "CAN"]

1. Nf3 g6 2. c4 Nf6 3. g3 Bg7 4. Bg2 O-O 5. O-O d6 6. d4 c5 7. Nc3 Bf5 8. dxc5
dxc5 9. Qb3 Qb6 10. Ne5 Bc8 11. Na4 Qxb3 12. axb3 Na6 13. Be3 Rb8 14. Nxc5 Re8
15. Ncd3 b6 16. Nc6 Nd7 17. Nxb8 Ndxb8 18. b4 Be6 19. b5 Nc5 20. Bxc5 bxc5 21.
Rfc1 Bf5 22. e4 Bg4 23. Rxa7 Be2 24. Nf4 Bg4 25. h3 Be6 26. b3 Bh6 27. Rd1 1-0

[Event "Laval op"]
[Site "Laval CAN"]
[Date "2023.06.23"]
[Round "1.23"]
[White "McBain, Robert"]
[Black "Yagiz, Bora"]
[Result "1/2-1/2"]
[WhiteElo "1260"]
[BlackElo "2070"]
[PlyCount "115"]
[EventDate "2023.06.23"]
[EventType "swiss"]
[EventRounds "5"]
[EventCountry "CAN"]

1. e4 c5 2. Nf3 Nc6 3. d4 cxd4 4. Nxd4 Nf6 5. Nc3 e5 6. Ndb5 d6 7. Bg5 a6 8.
Na3 b5 9. Nd5 Be7 10. Bxf6 Bxf6 11. c3 O-O 12. Nc2 Bg5 13. Nce3 Rb8 14. Bd3 a5
15. O-O Bd7 16. a3 Qc8 17. Qe2 Bxe3 18. Qxe3 Be6 19. Rfd1 Bxd5 20. exd5 Nd8 21.
b4 f5 22. Rdc1 Qb7 23. bxa5 e4 24. Be2 Qa8 25. a4 b4 26. cxb4 Rxb4 27. Rd1 Qxa5
28. Bb5 Nb7 29. Rab1 Rxb1 30. Rxb1 Nc5 31. Qe1 Qxe1+ 32. Rxe1 Ra8 33. f3 exf3
34. gxf3 Kf7 35. Kf2 f4 36. Ra1 Ra5 37. Ra3 Kf6 38. Ke2 Ke5 39. Bc6 Kd4 40. Kd2
Kc4 41. Kc2 Kb4 42. Rc3 Ra7 43. Bb5 Nxa4 44. Bxa4 Rxa4 45. Kd3 Ra3 46. Rxa3
Kxa3 47. Ke4 Kb4 48. Kxf4 Kc4 49. Ke4 Kc5 50. h4 Kc4 51. h5 Kc5 52. f4 Kc4 53.
h6 g6 54. f5 gxf5+ 55. Kxf5 Kxd5 56. Kf6 Ke4 57. Kg7 d5 58. Kxh7 1/2-1/2

[Event "Laval op"]
[Site "Laval CAN"]
[Date "2023.06.23"]
[Round "1.24"]
[White "Boulay, David"]
[Black "Kember, Jonah"]
[Result "1-0"]
[WhiteElo "2036"]
[BlackElo "1251"]
[PlyCount "43"]
[EventDate "2023.06.23"]
[EventType "swiss"]
[EventRounds "5"]
[EventCountry "CAN"]

1. e4 c5 2. Nf3 d6 3. d4 cxd4 4. Nxd4 Nf6 5. Nc3 a6 6. Be3 e6 7. f3 Be7 8. Qd2
b5 9. O-O-O O-O 10. g4 b4 11. Nce2 Qa5 12. Kb1 Bb7 13. g5 Nfd7 14. h4 Nc6 15.
h5 Nxd4 16. Nxd4 e5 17. Nf5 Qd8 18. g6 h6 19. Bc4 d5 20. Bxd5 Bxd5 21. Qxd5 Nf6
22. Qxe5 1-0

[Event "Laval op"]
[Site "Laval CAN"]
[Date "2023.06.23"]
[Round "1.25"]
[White "Ouni, Iheb"]
[Black "Moses, Neil"]
[Result "0-1"]
[WhiteElo "959"]
[BlackElo "2029"]
[PlyCount "48"]
[EventDate "2023.06.23"]
[EventType "swiss"]
[EventRounds "5"]
[EventCountry "CAN"]

1. Nf3 Nf6 2. d4 e6 3. e3 b6 4. Nc3 Bb7 5. Be2 Be7 6. h3 c5 7. O-O O-O 8. b3 d5
9. Bd3 Nc6 10. Re1 Rc8 11. Bb2 Nb4 12. Be2 Ne4 13. Nxe4 dxe4 14. Ne5 cxd4 15.
Nc4 dxe3 16. fxe3 b5 17. a3 Nd5 18. Nd2 Nxe3 19. Qc1 Rxc2 20. Qb1 Qxd2 21. Kf2
Rxb2 22. Qc1 Nf5 23. Qxd2 Rxd2 24. Kf1 Bc5 0-1

[Event "Laval op"]
[Site "Laval CAN"]
[Date "2023.06.24"]
[Round "2.3"]
[White "Ouellet, Maili-Jade"]
[Black "Genzling, Jerome"]
[Result "1-0"]
[WhiteElo "2343"]
[BlackElo "2136"]
[PlyCount "123"]
[EventDate "2023.06.23"]
[EventType "swiss"]
[EventRounds "5"]
[EventCountry "CAN"]

1. d4 d5 2. c4 e6 3. Nc3 a6 4. cxd5 exd5 5. Nf3 c6 6. e4 dxe4 7. Ng5 Be7 8. Bc4
Nh6 9. Ncxe4 O-O 10. O-O Bf5 11. h3 Nd7 12. g4 Bg6 13. f4 Bxe4 14. Nxe4 Nb6 15.
Bb3 Kh8 16. f5 Ng8 17. g5 Nd5 18. h4 Qc7 19. Qf3 Rae8 20. Bd2 Qb6 21. Qf2 Ba3
22. Nc5 Bxb2 23. Rab1 Re2 24. Qxe2 Bxd4+ 25. Kh1 Qxc5 26. Rbc1 Qd6 27. Rf3 Nge7
28. Qe4 c5 29. Re1 b5 30. f6 gxf6 31. gxf6 Bxf6 32. Bc2 Ng6 33. h5 Kg7 34. hxg6
hxg6 35. Rh3 Rh8 36. Rxh8 Kxh8 37. Kg2 Nc7 38. Bf4 Qd7 39. Bxc7 Qxc7 40. Qe8+
Kg7 41. Rh1 Qd8 42. Qxd8 Bxd8 43. Rd1 Bf6 44. Rd6 a5 45. Rb6 b4 46. Bb3 Bd4 47.
Rb7 g5 48. Rxf7+ Kg6 49. Rf8 Bf6 50. Bc2+ Kg7 51. Rc8 Bd4 52. Rc6 Kf7 53. Kf3
Ke7 54. Kg4 Be3 55. Kf5 Kd7 56. Ba4 Kd8 57. Bb5 Bf4 58. Rxc5 Be3 59. Rc6 Bf4
60. Ke6 Bh2 61. Ba6 Bc7 62. Rc4 1-0

[Event "Laval op"]
[Site "Laval CAN"]
[Date "2023.06.24"]
[Round "2.4"]
[White "Wiebe, Isaac"]
[Black "Nunez-Painchaud, Raphael"]
[Result "1-0"]
[WhiteElo "2200"]
[BlackElo "2290"]
[PlyCount "79"]
[EventDate "2023.06.23"]
[EventType "swiss"]
[EventRounds "5"]
[EventCountry "CAN"]

1. Nf3 c5 2. c4 g6 3. d4 cxd4 4. Nxd4 Nc6 5. e4 Bg7 6. Be3 Nf6 7. Nc3 Ng4 8.
Qxg4 Nxd4 9. Qd1 Ne6 10. Qd2 Qa5 11. Rc1 g5 12. b3 b6 13. Nd5 Qxd2+ 14. Kxd2
Bb7 15. Be2 Rc8 16. h4 h6 17. hxg5 Nxg5 18. f3 d6 19. Rh5 e6 20. Nc3 Ke7 21.
Nb5 Ra8 22. Rch1 Bc6 23. Bd4 f6 24. Ke3 Rhd8 25. Bb2 Re8 26. R5h2 Bxb5 27. cxb5
Rac8 28. Bd3 Nf7 29. f4 Rg8 30. Rc1 Rc5 31. b4 Rxc1 32. Bxc1 f5 33. exf5 e5 34.
g3 d5 35. Rc2 exf4+ 36. gxf4 Ba1 37. Kf3 Be5 38. fxe5 Nxe5+ 39. Ke3 Rg3+ 40.
Kf4 1-0

[Event "Laval op"]
[Site "Laval CAN"]
[Date "2023.06.24"]
[Round "2.5"]
[White "Robichaud, Louis"]
[Black "Zhong, Kevin"]
[Result "0-1"]
[WhiteElo "2127"]
[BlackElo "2276"]
[PlyCount "68"]
[EventDate "2023.06.23"]
[EventType "swiss"]
[EventRounds "5"]
[EventCountry "CAN"]

1. e4 c5 2. d3 Nc6 3. f4 d5 4. e5 g6 5. Nf3 Bg7 6. Be2 f6 7. exf6 Nxf6 8. O-O
O-O 9. c3 d4 10. Nbd2 Nd5 11. Ne4 b6 12. g3 Kh8 13. Bd2 Bf5 14. Rc1 Qd7 15.
Nfg5 e5 16. Bf3 exf4 17. g4 Bxe4 18. Bxe4 h6 19. Qf3 Ne5 20. Qh3 Rae8 21. cxd4
Qxg4+ 22. Qxg4 Nxg4 23. Nf3 Nge3 24. Rfe1 g5 25. h3 cxd4 26. Rc6 Bf6 27. Kf2
Kg7 28. Rg1 Rc8 29. Rxc8 Rxc8 30. h4 g4 31. Bxd5 g3+ 32. Ke2 Nxd5 33. Rc1 Rxc1
34. Bxc1 Kg6 0-1

[Event "Laval op"]
[Site "Laval CAN"]
[Date "2023.06.24"]
[Round "2.6"]
[White "Masse, Hugues"]
[Black "Mok, Yuen Tak"]
[Result "1/2-1/2"]
[WhiteElo "2261"]
[BlackElo "2071"]
[PlyCount "206"]
[EventDate "2023.06.23"]
[EventType "swiss"]
[EventRounds "5"]
[EventCountry "CAN"]

1. e4 c6 2. d4 d5 3. e5 Bf5 4. h4 h5 5. Bd3 Bxd3 6. Qxd3 Qa5+ 7. Nd2 e6 8. Ngf3
Nh6 9. O-O Nf5 10. Nb3 Qb5 11. Qd1 c5 12. dxc5 Bxc5 13. a4 Qb6 14. c3 O-O 15.
Nxc5 Qxc5 16. Re1 Nc6 17. Ng5 Qc4 18. Qxh5 Qxh4 19. Qf3 Nh6 20. Qd3 Ng4 21. Nh3
Ngxe5 22. Qe2 Qg4 23. f3 Qf5 24. Rd1 Rac8 25. Nf4 Ng6 26. Nh3 Nce5 27. Be3 a6
28. Rd4 Rc4 29. Ng5 Rxd4 30. cxd4 Qd3 31. Kf2 Qxe2+ 32. Kxe2 Nc4 33. b3 Nxe3
34. Kxe3 Rc8 35. Kd2 Kf8 36. Nh3 Ke7 37. Re1 Kd6 38. Ng5 Rc7 39. g3 Re7 40. f4
f6 41. Nf3 Rc7 42. Rh1 Ke7 43. Nh4 Nf8 44. Ng2 Kd6 45. Ne3 Nd7 46. Rh8 f5 47.
g4 fxg4 48. Nxg4 Nf6 49. Nxf6 gxf6 50. Rh6 f5 51. Rh3 Rg7 52. Kc3 Rg4 53. Rf3
Rg1 54. Rh3 Rf1 55. Rh4 Rf3+ 56. Kc2 Re3 57. Rh7 Re4 58. Kd3 Kc6 59. Re7 Re1
60. Kd2 Re4 61. Kd3 Rxf4 62. Rxe6+ Kd7 63. Rb6 Kc7 64. Rf6 Rf3+ 65. Kc2 f4 66.
b4 Rf2+ 67. Kd3 f3 68. Ke3 Rb2 69. b5 axb5 70. axb5 Rxb5 71. Kxf3 Rb1 72. Ke3
Rd1 73. Rf4 Kc6 74. Ke2 Rh1 75. Rf5 Rh3 76. Kd2 Kb5 77. Rxd5+ Kc4 78. Rc5+ Kxd4
79. Rb5 Rh2+ 80. Kc1 Kc3 81. Kb1 Rh1+ 82. Ka2 Rh7 83. Kb1 Rh1+ 84. Ka2 Rh7 85.
Kb1 Kc4 86. Rb6 Kc5 87. Rg6 b5 88. Rg5+ Kb4 89. Rg4+ Kb3 90. Rg3+ Ka4 91. Kb2
Rh2+ 92. Kb1 b4 93. Rf3 Rh1+ 94. Kb2 Rh2+ 95. Kb1 Rg2 96. Rh3 Rg8 97. Rf3 Rc8
98. Kb2 Rh8 99. Rg3 Rh2+ 100. Kb1 b3 101. Rg8 Rh1+ 102. Kb2 Rh2+ 103. Kb1 Rh1+
1/2-1/2

[Event "Laval op"]
[Site "Laval CAN"]
[Date "2023.06.24"]
[Round "2.7"]
[White "Wang, Derek"]
[Black "Zhu, Hong Rui"]
[Result "1/2-1/2"]
[WhiteElo "2109"]
[BlackElo "2259"]
[PlyCount "98"]
[EventDate "2023.06.23"]
[EventType "swiss"]
[EventRounds "5"]
[EventCountry "CAN"]

1. Nf3 c5 2. d4 cxd4 3. Nxd4 Nc6 4. c4 Nf6 5. Nc3 Qa5 6. Nb3 Qb4 7. e3 e6 8.
Be2 Na5 9. Nxa5 Qxa5 10. O-O Be7 11. Qc2 d5 12. cxd5 exd5 13. Bb5+ Bd7 14.
Bxd7+ Nxd7 15. Rd1 Nf6 16. Qb3 O-O 17. Nxd5 Nxd5 18. Qxd5 Rad8 19. Qb3 Qb4 20.
Rf1 Qxb3 21. axb3 a6 22. e4 Rd3 23. b4 Bxb4 24. Be3 Rfd8 25. Rac1 Bd6 26. Bb6
Re8 27. Bc7 Bxc7 28. Rxc7 Rb3 29. Rc2 h6 30. f3 Rd8 31. Re1 Rd6 32. Kf2 Rdb6
33. Ree2 Kh7 34. Red2 Kg6 35. Kf1 Kf6 36. Kf2 g5 37. Kg3 Kg6 38. h3 h5 39. Re2
R6b4 40. Kf2 Rb6 41. Red2 Kg7 42. Ke1 Rf6 43. Rc5 Kh6 44. Kd1 g4 45. hxg4 hxg4
46. fxg4 Rfb6 47. Kc1 Rg3 48. Rf5 Kg6 49. Rdf2 Rxg4 1/2-1/2

[Event "Laval op"]
[Site "Laval CAN"]
[Date "2023.06.24"]
[Round "2.8"]
[White "Batorshyn, Ilia"]
[Black "Boulay, David"]
[Result "1-0"]
[WhiteElo "2243"]
[BlackElo "2036"]
[PlyCount "81"]
[EventDate "2023.06.23"]
[EventType "swiss"]
[EventRounds "5"]
[EventCountry "CAN"]

1. d4 d5 2. c4 c6 3. Nf3 Nf6 4. e3 e6 5. Nbd2 c5 6. cxd5 exd5 7. Bb5+ Bd7 8.
Bxd7+ Qxd7 9. b3 Nc6 10. Bb2 cxd4 11. Nxd4 Be7 12. O-O O-O 13. Qe2 Rac8 14.
Rac1 Rfd8 15. Rfd1 Nxd4 16. Bxd4 a6 17. Qd3 Qe6 18. Bb2 h6 19. Nf3 Rxc1 20.
Rxc1 Rc8 21. Rxc8+ Qxc8 22. Nd4 Ne4 23. f3 Nd6 24. Ba3 Bf8 25. Kf2 Ne8 26. Bxf8
Kxf8 27. Ne2 Qc6 28. Qd4 Nf6 29. Qf4 Kg8 30. Nd4 Qd7 31. Nf5 Ne8 32. Qe5 Qe6
33. Qxd5 Qxd5 34. Ne7+ Kf8 35. Nxd5 f6 36. e4 Kf7 37. Ke3 Ke6 38. Kd4 Nd6 39.
Nf4+ Kd7 40. Kc5 Nc8 41. Nh5 1-0

[Event "Laval op"]
[Site "Laval CAN"]
[Date "2023.06.24"]
[Round "2.9"]
[White "Moses, Neil"]
[Black "Pomerantz, Daniel"]
[Result "1/2-1/2"]
[WhiteElo "2029"]
[BlackElo "2217"]
[PlyCount "86"]
[EventDate "2023.06.23"]
[EventType "swiss"]
[EventRounds "5"]
[EventCountry "CAN"]

1. e4 c6 2. d4 d5 3. Nc3 dxe4 4. Nxe4 Nf6 5. Nxf6+ exf6 6. Nf3 Bd6 7. Bd3 O-O
8. O-O Bg4 9. Re1 Re8 10. Be3 Nd7 11. c4 Nf8 12. h3 Bh5 13. g4 Bg6 14. Nh4 Bxd3
15. Qxd3 g6 16. Ng2 Ne6 17. f4 Qd7 18. Qc3 Ng7 19. Bf2 f5 20. Qf3 fxg4 21. hxg4
h5 22. gxh5 Nxh5 23. d5 c5 24. f5 Qxf5 25. Qxf5 gxf5 26. Nh4 Ng7 27. Kg2 Re4
28. Rxe4 fxe4 29. Bg3 Rd8 30. Re1 f5 31. Rf1 Bxg3 32. Kxg3 Rf8 33. Kf4 Kf7 34.
Rg1 Rh8 35. Nxf5 Nxf5 36. Kxf5 e3 37. Re1 Rh2 38. b3 Rxa2 39. Rxe3 Rf2+ 40. Ke5
Ke7 41. d6+ Kd7 42. Kd5 Rd2+ 43. Kxc5 Rxd6 1/2-1/2

[Event "Laval op"]
[Site "Laval CAN"]
[Date "2023.06.24"]
[Round "2.10"]
[White "Adam, Rafael"]
[Black "Avarian, Aram Sevag"]
[Result "1-0"]
[WhiteElo "2206"]
[BlackElo "2002"]
[PlyCount "63"]
[EventDate "2023.06.23"]
[EventType "swiss"]
[EventRounds "5"]
[EventCountry "CAN"]

1. d4 Nf6 2. c4 g6 3. Nf3 Bg7 4. g3 O-O 5. Bg2 d6 6. O-O Bf5 7. Nc3 Ne4 8. Nd2
Nxc3 9. bxc3 Bc8 10. Rb1 c6 11. e3 Qc7 12. Ba3 Nd7 13. Qc2 Re8 14. f4 f5 15. e4
Nf8 16. e5 Bd7 17. Rfe1 Rac8 18. Qb3 Rb8 19. exd6 exd6 20. Bxd6 Qxd6 21. c5+
Be6 22. cxd6 Bxb3 23. Rxe8 Rxe8 24. Rxb3 Re2 25. Nf3 b6 26. Ne5 Bxe5 27. fxe5
Kf7 28. Ra3 a5 29. Bxc6 Rc2 30. Bd5+ Ke8 31. e6 Re2 32. Bc6+ 1-0

[Event "Laval op"]
[Site "Laval CAN"]
[Date "2023.06.24"]
[Round "2.12"]
[White "Perna-Fraser, David"]
[Black "Dukic, Zachary"]
[Result "0-1"]
[WhiteElo "1936"]
[BlackElo "2340"]
[PlyCount "98"]
[EventDate "2023.06.23"]
[EventType "swiss"]
[EventRounds "5"]
[EventCountry "CAN"]

1. e4 c5 2. Nf3 Nc6 3. d4 cxd4 4. Nxd4 Nf6 5. Nc3 e5 6. Ndb5 d6 7. Be2 a6 8.
Na3 Be6 9. Bg5 Rc8 10. O-O Be7 11. Bxf6 Bxf6 12. Nd5 O-O 13. Nc4 Nd4 14. c3
Bxd5 15. exd5 Nf5 16. Qd3 Ne7 17. Ne3 g6 18. f4 exf4 19. Rxf4 Bg5 20. Rf2 Qb6
21. Nd1 Rce8 22. Kf1 Nf5 23. Rxf5 gxf5 24. Qg3 h6 25. h4 f4 26. Qg4 f5 27. Qh5
f3 28. gxf3 Bf4 29. Qg6+ Kh8 30. Bd3 Re5 31. Nf2 Qxb2 32. Rb1 Qxc3 33. Rxb7
Qe1+ 34. Kg2 Re7 35. Rxe7 Qxe7 36. Qe6 Qg7+ 37. Kf1 Qa1+ 38. Qe1 Qxa2 39. Nh3
Be5 40. Qc1 Kg7 41. Qc7+ Rf7 42. Qc6 Qh2 43. Nf2 Bd4 44. Nd1 Re7 45. Be4 fxe4
46. Qc8 Qh1+ 47. Ke2 exf3+ 48. Kd2 Re2+ 49. Kc1 Bb2+ 0-1

[Event "Laval op"]
[Site "Laval CAN"]
[Date "2023.06.24"]
[Round "2.13"]
[White "St-Germain, Jack"]
[Black "Guillemette, Hugo"]
[Result "0-1"]
[WhiteElo "1618"]
[BlackElo "2203"]
[PlyCount "70"]
[EventDate "2023.06.23"]
[EventType "swiss"]
[EventRounds "5"]
[EventCountry "CAN"]

1. e4 c5 2. Nf3 e6 3. d4 cxd4 4. Nxd4 Nc6 5. Nc3 Qc7 6. Be3 a6 7. a3 Nf6 8. Be2
b5 9. O-O Bb7 10. f3 Be7 11. Qd2 O-O 12. Kh1 Rac8 13. Nxc6 Bxc6 14. Bf4 d6 15.
Rfd1 Rfd8 16. Qe3 Qb7 17. e5 dxe5 18. Bxe5 Nd5 19. Nxd5 Bxd5 20. Bd3 f6 21. Bc3
Bc5 22. Qf4 f5 23. Be5 Qf7 24. a4 Be7 25. axb5 axb5 26. Ra7 Bc4 27. h4 Qf8 28.
Rd2 Bxd3 29. cxd3 Bf6 30. d4 Rd5 31. b3 Rcd8 32. Rc2 Rxd4 33. Bxd4 Rxd4 34.
Qxd4 Bxd4 35. Rac7 Qb4 0-1

[Event "Laval op"]
[Site "Laval CAN"]
[Date "2023.06.24"]
[Round "2.14"]
[White "Kot, Emanuel"]
[Black "Gonzalez, Daniel"]
[Result "1/2-1/2"]
[WhiteElo "2168"]
[BlackElo "1851"]
[PlyCount "59"]
[EventDate "2023.06.23"]
[EventType "swiss"]
[EventRounds "5"]
[EventCountry "CAN"]

1. e4 c5 2. Nf3 g6 3. c4 Bg7 4. d4 cxd4 5. Nxd4 Nc6 6. Be3 d6 7. Nc3 Bd7 8. Be2
Nf6 9. O-O Nxd4 10. Bxd4 Bc6 11. f3 a5 12. Qd2 O-O 13. b3 Nd7 14. Be3 Rc8 15.
Rac1 Nc5 16. Rb1 Bd7 17. Nd5 Bc6 18. Rfd1 Bxd5 19. cxd5 Qc7 20. Rdc1 Ra8 21.
Bd1 Rfb8 22. a3 b6 23. Bf2 Qd8 24. Qe2 Qf8 25. Bc2 Bf6 26. Qd2 Qg7 27. Bd1 Be5
28. g3 Bf6 29. Kg2 Be5 30. Kg1 1/2-1/2

[Event "Laval op"]
[Site "Laval CAN"]
[Date "2023.06.24"]
[Round "2.15"]
[White "Wang, Rachel"]
[Black "Chapdelaine, Gwyn"]
[Result "1/2-1/2"]
[WhiteElo "1842"]
[BlackElo "2110"]
[PlyCount "34"]
[EventDate "2023.06.23"]
[EventType "swiss"]
[EventRounds "5"]
[EventCountry "CAN"]

1. d4 Nf6 2. c4 e6 3. Nf3 b6 4. Bg5 Bb7 5. e3 Be7 6. Nc3 d6 7. Be2 Nbd7 8. O-O
Ne4 9. Bxe7 Qxe7 10. Rc1 O-O 11. Nxe4 Bxe4 12. Nd2 Bb7 13. Bf3 Bxf3 14. Qxf3 c5
15. Ne4 Rfc8 16. dxc5 Nxc5 17. Rfd1 Nxe4 1/2-1/2

[Event "Laval op"]
[Site "Laval CAN"]
[Date "2023.06.24"]
[Round "2.17"]
[White "Di Matteo, Alessio"]
[Black "McBain, Robert"]
[Result "1/2-1/2"]
[WhiteElo "1986"]
[BlackElo "1260"]
[PlyCount "125"]
[EventDate "2023.06.23"]
[EventType "swiss"]
[EventRounds "5"]
[EventCountry "CAN"]

1. d4 Nf6 2. c4 g6 3. Nc3 Bg7 4. e4 d6 5. Nf3 O-O 6. Be2 e5 7. O-O Nc6 8. d5
Ne7 9. b4 Ne8 10. Re1 f5 11. Ng5 h6 12. Ne6 Bxe6 13. dxe6 Qc8 14. Nd5 Qxe6 15.
Nxe7+ Qxe7 16. Qd5+ Qf7 17. Qxb7 fxe4 18. Be3 Nf6 19. Bxa7 c5 20. Qxf7+ Rxf7
21. Bb6 cxb4 22. Reb1 Rb7 23. c5 dxc5 24. Bxc5 Bf8 25. Be3 Rc7 26. Rc1 Rac8 27.
Rxc7 Rxc7 28. Rc1 Rxc1+ 29. Bxc1 Kg7 30. Bb2 Bd6 31. Bc4 g5 32. Be6 Kg6 33. Kf1
g4 34. Ke2 Kg5 35. Bc1+ Kg6 36. Be3 h5 37. Kd1 Ne8 38. Bd7 Nc7 39. Bc6 Kf5 40.
g3 Ne6 41. Bd7 Kf6 42. Be8 Ng7 43. Bc6 Ne6 44. Bxe4 Nd4 45. Bxd4 exd4 46. Ke2
h4 47. Kd3 hxg3 48. hxg3 Kg5 49. Kxd4 Be7 50. Kc4 Bf8 51. Bh7 Be7 52. Kd5 Bf8
53. Bc2 Be7 54. Bd3 Bf8 55. Be2 Be7 56. Ke4 Bc5 57. f4+ gxf3 58. Bxf3 Bd6 59.
g4 Be7 60. Ke5 Bf8 61. Kd5 Be7 62. Bd1 Bf8 63. Ke6 1/2-1/2

[Event "Laval op"]
[Site "Laval CAN"]
[Date "2023.06.24"]
[Round "2.18"]
[White "Chasles, Jean-Benoit"]
[Black "Jiang, Barron Jiyu"]
[Result "1-0"]
[WhiteElo "1806"]
[BlackElo "2014"]
[PlyCount "63"]
[EventDate "2023.06.23"]
[EventType "swiss"]
[EventRounds "5"]
[EventCountry "CAN"]

1. e4 c5 2. Nf3 d6 3. d4 cxd4 4. Nxd4 Nf6 5. Nc3 a6 6. Bg5 e6 7. f4 Be7 8. Qf3
Nbd7 9. O-O-O Qc7 10. g4 b5 11. Bd3 Bb7 12. Kb1 b4 13. Nce2 Qb6 14. Rhg1 h6 15.
Bxf6 Bxf6 16. Nb3 a5 17. Nd2 a4 18. Nc4 Qc5 19. Nxd6+ Qxd6 20. Bb5 Qc5 21.
Bxd7+ Ke7 22. Rd3 Ba6 23. e5 Bh4 24. Bxa4 Ra7 25. Nd4 Bxd3 26. Nc6+ Kf8 27. Rd1
Rxa4 28. Rxd3 Qf2 29. Rd8+ Bxd8 30. Qxf2 Bc7 31. Qc5+ Kg8 32. Ne7+ 1-0

[Event "Laval op"]
[Site "Laval CAN"]
[Date "2023.06.24"]
[Round "2.19"]
[White "Deboosere, Adam"]
[Black "Baran, Marius"]
[Result "0-1"]
[WhiteElo "1998"]
[BlackElo "1803"]
[PlyCount "182"]
[EventDate "2023.06.23"]
[EventType "swiss"]
[EventRounds "5"]
[EventCountry "CAN"]

1. d4 Nf6 2. c4 e6 3. Nf3 b6 4. Bf4 Bb7 5. e3 c5 6. Nc3 cxd4 7. Nb5 Bb4+ 8. Nd2
d6 9. a3 Bxd2+ 10. Qxd2 e5 11. Bg5 a6 12. Nxd4 exd4 13. Qxd4 Nc6 14. Qc3 Qe7
15. Be2 Qe5 16. Bxf6 gxf6 17. Qd2 Na5 18. Qb4 Bxg2 19. Rg1 Be4 20. c5 Nc6 21.
Qxb6 Rb8 22. Qxa6 Qxb2 23. Rd1 Qc3+ 24. Kf1 Qxc5 25. f3 Bf5 26. Kf2 Ke7 27. Rc1
Rb6 28. Rxc5 Rxa6 29. Rxf5 Rxa3 30. Rd5 Ra2 31. Rgd1 Rd8 32. Rh5 Rb8 33. Kf1
Rbb2 34. Re1 Nb4 35. Rb5 Nc2 36. Rxb2 Rxb2 37. Rc1 Nxe3+ 38. Kf2 Nd5 39. Rc4
Rb4 40. Rc2 Nf4 41. Bf1 d5 42. Rc7+ Ke6 43. Ke3 Kf5 44. Rd7 Rb3+ 45. Kf2 Ke6
46. Rd8 h5 47. Kg3 Kf5 48. h4 Rb1 49. Kf2 Rb2+ 50. Kg3 Rd2 51. Ra8 Rd1 52. Kf2
Ke5 53. Re8+ Kd4 54. Re7 Ng6 55. Rxf7 Ke5 56. Ra7 Nf4 57. Re7+ Kf5 58. Ba6 Rd2+
59. Ke1 Rh2 60. Bc8+ Kg6 61. Bb7 Rxh4 62. Rd7 d4 63. Kf2 Ne6 64. Rd6 Nc5 65.
Bc6 Rf4 66. Kg3 Kg5 67. Rd5+ Rf5 68. Rxd4 Ne6 69. Rb4 Rc5 70. Bd7 Re5 71. Rb6
h4+ 72. Kf2 Nf4 73. Bb5 Rc5 74. Ba4 Ra5 75. Bb3 Rc5 76. Rb8 Rc3 77. Rg8+ Kf5
78. Ba4 Nd3+ 79. Ke2 Ne5 80. Rh8 Nxf3 81. Kf2 Kf4 82. Bd1 Ra3 83. Be2 Ra2 84.
Kf1 Ke3 85. Re8+ Ne5 86. Bh5 h3 87. Kg1 Kf4 88. Rg8 f5 89. Rg7 Nf3+ 90. Bxf3
Kxf3 91. Rg5 Rg2+ 0-1

[Event "Laval op"]
[Site "Laval CAN"]
[Date "2023.06.24"]
[Round "2.20"]
[White "Berube, Maximilien"]
[Black "Turcotte, Jonathan"]
[Result "0-1"]
[WhiteElo "1796"]
[BlackElo "1998"]
[PlyCount "90"]
[EventDate "2023.06.23"]
[EventType "swiss"]
[EventRounds "5"]
[EventCountry "CAN"]

1. c4 Nf6 2. g3 e5 3. Bg2 c6 4. d4 e4 5. d5 cxd5 6. cxd5 Bb4+ 7. Bd2 Na6 8. a3
Bxd2+ 9. Qxd2 O-O 10. Nc3 Re8 11. b4 b6 12. f3 e3 13. Qd4 Bb7 14. Nh3 Nc7 15.
d6 Ne6 16. Qd3 Ng4 17. O-O Ne5 18. Qxe3 Nc4 19. Qd3 Rc8 20. Rfc1 Qf6 21. Nb5 a6
22. Nc7 Nxc7 23. dxc7 Rxc7 24. Ra2 b5 25. e4 Ne5 26. Qd1 Rxc1 27. Qxc1 Nxf3+
28. Kh1 Rc8 29. Qf1 Ne5 30. Qxf6 gxf6 31. Kg1 Rc1+ 32. Kf2 Rb1 33. Nf4 Ng4+ 34.
Ke2 Rg1 35. Rd2 Bc6 36. h3 Ne5 37. Ra2 Nc4 38. Kd3 Rb1 39. Kc3 d6 40. a4 Rc1+
41. Kd4 Ne5 42. axb5 Bxb5 43. Nd5 Kg7 44. h4 h5 45. Ra3 Rd1+ 0-1

[Event "Laval op"]
[Site "Laval CAN"]
[Date "2023.06.24"]
[Round "2.21"]
[White "Peloquin, Charli"]
[Black "Hu, Raymond"]
[Result "0-1"]
[WhiteElo "1932"]
[BlackElo "1662"]
[PlyCount "48"]
[EventDate "2023.06.23"]
[EventType "swiss"]
[EventRounds "5"]
[EventCountry "CAN"]

1. c4 f5 2. g3 Nf6 3. Nc3 g6 4. d3 Bg7 5. Bg2 e6 6. e4 d6 7. Nge2 c6 8. O-O O-O
9. Qb3 Na6 10. Rd1 Nc5 11. Qa3 e5 12. b4 Ne6 13. h3 Nh5 14. exf5 gxf5 15. f3 f4
16. g4 Ng3 17. Rb1 Qh4 18. Bd2 Ng5 19. Kh2 h5 20. Be1 hxg4 21. fxg4 Bxg4 22.
Nxg3 fxg3+ 23. Bxg3 Nf3+ 24. Bxf3 Qxh3+ 0-1

[Event "Laval op"]
[Site "Laval CAN"]
[Date "2023.06.24"]
[Round "2.22"]
[White "Goldner, John"]
[Black "Sekki, Abderaouf"]
[Result "0-1"]
[WhiteElo "1667"]
[BlackElo "1896"]
[PlyCount "90"]
[EventDate "2023.06.23"]
[EventType "swiss"]
[EventRounds "5"]
[EventCountry "CAN"]

1. e4 d6 2. d4 Nf6 3. Nc3 Nbd7 4. Nf3 e5 5. dxe5 dxe5 6. Bc4 Bb4 7. Bd2 O-O 8.
Nd5 Bxd2+ 9. Nxd2 c6 10. Nxf6+ Nxf6 11. O-O Qb6 12. Bb3 Rd8 13. Qe1 Bg4 14. Nc4
Qc5 15. Kh1 Be6 16. Na5 Bxb3 17. Nxb7 Qb6 18. Nxd8 Bc4 19. Rg1 Ng4 20. h3 Nxf2+
21. Kh2 Rxd8 22. b3 Ba6 23. c4 Nd3 24. Qc3 f6 25. Rad1 Nf4 26. Rxd8+ Qxd8 27.
Re1 c5 28. Qe3 Qd4 29. Qc1 Nd3 30. Qa3 Nxe1 31. Qxa6 Qxe4 32. Qe6+ Kf8 33. Qd6+
Kf7 34. Qd2 Qf4+ 35. Qxf4 exf4 36. Kg1 Ke6 37. a3 a5 38. Kf1 Nc2 39. h4 Nxa3
40. Ke2 Nc2 41. Kd2 Nd4 42. Kc3 Kf5 43. Kb2 Kg4 44. Ka3 Kg3 45. Ka4 Kxg2 0-1

[Event "Laval op"]
[Site "Laval CAN"]
[Date "2023.06.24"]
[Round "2.23"]
[White "Zhe, Jia"]
[Black "Eltafi, Ali Sina"]
[Result "1-0"]
[WhiteElo "1894"]
[BlackElo "1510"]
[PlyCount "53"]
[EventDate "2023.06.23"]
[EventType "swiss"]
[EventRounds "5"]
[EventCountry "CAN"]

1. e4 e5 2. Nf3 Nc6 3. Bb5 a6 4. Ba4 Nf6 5. O-O b5 6. Bb3 Bc5 7. c3 Ba7 8. Bc2
O-O 9. d4 exd4 10. cxd4 d6 11. h3 h6 12. Nc3 Bb7 13. a3 Re8 14. Re1 Rc8 15. Bf4
Bb8 16. Qd3 Kf8 17. Nd5 Nxd5 18. exd5 Rxe1+ 19. Rxe1 Ne7 20. Qh7 Bxd5 21. Bxh6
gxh6 22. Qh8+ Ng8 23. Bh7 Be6 24. Rxe6 fxe6 25. Qxg8+ Ke7 26. Qg7+ Ke8 27. Bg6#
1-0